[Event "GER-ch52 V01 email"]
[White "Droessler, Uwe"]
[Black "Sobirey, Michael"]
[Site "GER email"]
[Round "?"]
[Result "1/2-1/2"]
[Date "2020.04.16"]
[WhiteElo "2308"]
[BlackElo "2325"]
[PlyCount "63"]
[EventDate "2020.??.??"]
[EventType "tourn (corr)"]
[EventRounds "10"]
[EventCountry "GER"]
[SourceTitle "Corr 2022"]
[Source "ChessBase"]
[SourceDate "2021.10.24"]
[SourceVersion "1"]
[SourceVersionDate "2021.10.24"]
[SourceQuality "1"]

1. e4 e5 2. Nf3 Nc6 3. Bb5 a6 4. Ba4 Nf6 5. 0-0 Be7 6. Re1 b5 7. Bb3 0-0 8. c3 d5 9. exd5 Nxd5 10. Nxe5 Nxe5 11. Rxe5 c6 12. d4 Bd6 13. Re1 Qh4 14. g3 Qh3 15. Be3 Bg4 16. Qd3 Rae8 17. Nd2 Qh5 18. Qf1 Re6 19. f3 Rxe3 20. fxg4 Qxg4 21. Rxe3 Nxe3 22. Qf2 Nd5 23. Qf3 Qxf3 24. Nxf3 Rb8 25. Re1 Kf8 26. Ne5 Bxe5 27. Rxe5 Nf6 28. Rc5 Rb6 29. Rf5 a5 30. a3 h6 31. Kf2 Rb7 32. Ke2 1/2-1/2

[Event "GER-ch52 V01 email"]
[White "Sobirey, Michael"]
[Black "Giering, Guido"]
[Site "GER email"]
[Round "?"]
[Result "1/2-1/2"]
[Date "2020.04.16"]
[WhiteElo "2325"]
[BlackElo "2226"]
[PlyCount "81"]
[EventDate "2020.??.??"]
[EventType "tourn (corr)"]
[EventRounds "10"]
[EventCountry "GER"]
[SourceTitle "Corr 2022"]
[Source "ChessBase"]
[SourceDate "2021.10.24"]
[SourceVersion "1"]
[SourceVersionDate "2021.10.24"]
[SourceQuality "1"]

1. d4 Nf6 2. c4 e6 3. Nf3 d5 4. g3 Be7 5. Bg2 0-0 6. 0-0 dxc4 7. Qc2 a6 8. Qxc4 b5 9. Qc2 Bb7 10. Bd2 Be4 11. Qc1 c6 12. Rd1 Nbd7 13. Nc3 Bg6 14. Ne5 Nxe5 15. dxe5 Nd5 16. Be3 Qb8 17. f4 Nxe3 18. Qxe3 Qc7 19. Ne4 Bxe4 20. Qxe4 c5 21. a4 Ra7 22. axb5 axb5 23. Qc6 c4 24. Qxb5 Rb8 25. Qc6 Qxc6 26. Bxc6 Rxa1 27. Rxa1 g5 28. Ra4 gxf4 29. gxf4 Rxb2 30. Kf2 Bb4 31. Be4 Kg7 32. f5 exf5 33. Bxf5 Rb3 34. Kg2 h5 35. Ra7 Re3 36. e6 Kf6 37. Rxf7+ Kg5 38. Kf2 Bc5 39. Kf1 Bd6 40. Kf2 Re5 41. Bb1 1/2-1/2

[Event "GER-ch50 V01 email"]
[White "Sobirey, Michael"]
[Black "Gabel, Andreas"]
[Site "GER email"]
[Round "?"]
[Result "1/2-1/2"]
[Date "2018.05.15"]
[WhiteElo "2321"]
[BlackElo "2331"]
[PlyCount "32"]
[EventDate "2018.??.??"]
[EventType "tourn (corr)"]
[EventRounds "10"]
[EventCountry "GER"]
[SourceTitle "Corr 2024"]
[Source "ChessBase"]
[SourceDate "2023.10.19"]
[SourceVersion "1"]
[SourceVersionDate "2023.10.19"]
[SourceQuality "1"]

1. d4 d5 2. Nf3 Nf6 3. Bf4 e6 4. e3 Bd6 5. Bd3 0-0 6. 0-0 b6 7. c3 Bxf4 8. exf4 Ba6 9. Bxa6 Nxa6 10. Qd3 Nb8 11. c4 Qd6 12. cxd5 exd5 13. Nc3 Qxf4 14. Ne5 c5 15. Rad1 cxd4 16. Qxd4 Qxd4 1/2-1/2

[Event "GER-ch50 V01 email"]
[White "Sobirey, Michael"]
[Black "Giering, Guido"]
[Site "GER email"]
[Round "?"]
[Result "1-0"]
[Date "2018.05.15"]
[WhiteElo "2321"]
[BlackElo "2191"]
[PlyCount "127"]
[EventDate "2018.??.??"]
[EventType "tourn (corr)"]
[EventRounds "10"]
[EventCountry "GER"]
[SourceTitle "Corr 2020"]
[Source "ChessBase"]
[SourceDate "2019.09.30"]
[SourceVersion "1"]
[SourceVersionDate "2019.09.30"]
[SourceQuality "1"]

1. e4 e6 2. d4 d5 3. Nc3 Bb4 4. e5 c5 5. a3 Bxc3+ 6. bxc3 Ne7 7. Qg4 0-0 8. Bd3 c4 9. Bh6 Ng6 10. Bxg6 fxg6 11. Be3 Nc6 12. h4 Rf5 13. Ne2 Bd7 14. Ng3 Qa5 15. Kd2 h5 16. Qh3 Rf7 17. Ne2 Kh7 18. Rhb1 b6 19. g4 Rh8 20. gxh5 gxh5 21. Rg1 Ne7 22. Rg5 Kg8 23. Qg2 Nf5 24. Rg1 Rh7 25. Nf4 Qxa3 26. Nxh5 Qf8 27. Nf6+ Rxf6 28. exf6 Qxf6 29. Qh2 Rxh4 30. Qb8+ Qf8 31. Qxa7 Qd6 32. Qa8+ Qf8 33. Qb7 Qd6 34. R5g2 Kh7 35. Qa8 Bc6 36. Qc8 Ba4 37. Rg6 Rh3 38. Rxe6 Qd7 39. Qxd7 Bxd7 40. Rxb6 Nh4 41. Kc1 Bf5 42. Rb7 Ng6 43. Kb2 Be4 44. Rg5 Rf3 45. Rd7 Kg8 46. Rdxd5 Bxd5 47. Rxd5 Kf7 48. Rc5 Ne7 49. Rxc4 Nd5 50. Rc5 Nxe3 51. fxe3 Rxe3 52. c4 Re4 53. d5 g5 54. Rc7+ Kf6 55. c5 g4 56. d6 Rd4 57. Rh7 g3 58. Rh3 g2 59. Rg3 Rd5 60. Rxg2 Rxc5 61. Rd2 Rc8 62. d7 Rd8 63. Kc3 Ke7 64. Kc4 1-0

[Event "GER CM04-D email"]
[White "Mauro, Lucio"]
[Black "Sobirey, Michael"]
[Site "GER email"]
[Round "?"]
[Result "1/2-1/2"]
[Date "2017.06.26"]
[WhiteElo "2359"]
[BlackElo "2324"]
[PlyCount "80"]
[EventDate "2017.??.??"]
[EventType "tourn (corr)"]
[EventRounds "10"]
[EventCountry "GER"]
[SourceTitle "Corr 2020"]
[Source "ChessBase"]
[SourceDate "2019.09.30"]
[SourceVersion "1"]
[SourceVersionDate "2019.09.30"]
[SourceQuality "1"]

1. e4 c5 2. Nf3 Nc6 3. d4 cxd4 4. Nxd4 Nf6 5. Nc3 e5 6. Ndb5 d6 7. Bg5 a6 8. Na3 b5 9. Nd5 Be7 10. Bxf6 Bxf6 11. c4 b4 12. Nc2 a5 13. g3 0-0 14. Bg2 g6 15. Nxf6+ Qxf6 16. 0-0 h5 17. Qd2 h4 18. Rae1 h3 19. Bh1 Ra6 20. b3 Rd8 21. Ne3 Qg5 22. Bf3 a4 23. bxa4 Rxa4 24. Bd1 Ra7 25. Bb3 Nd4 26. f3 Qh5 27. Bd1 Be6 28. f4 Qh6 29. Bb3 Rb8 30. Rf2 exf4 31. Nf5 Nxf5 32. exf5 Bxf5 33. Qxd6 Raa8 34. Rxf4 Re8 35. Rxe8+ Rxe8 36. c5 Qg7 37. Qd4 Re2 38. Qxg7+ Kxg7 39. c6 Rg2+ 40. Kh1 Rb2 1/2-1/2

[Event "GER CM04-D email"]
[White "Sobirey, Michael"]
[Black "Krauss, Heiko"]
[Site "GER email"]
[Round "?"]
[Result "1/2-1/2"]
[Date "2017.06.26"]
[WhiteElo "2324"]
[BlackElo "2328"]
[PlyCount "61"]
[EventDate "2017.??.??"]
[EventType "tourn (corr)"]
[EventRounds "10"]
[EventCountry "GER"]
[SourceTitle "Corr 2020"]
[Source "ChessBase"]
[SourceDate "2019.09.30"]
[SourceVersion "1"]
[SourceVersionDate "2019.09.30"]
[SourceQuality "1"]

1. e4 c5 2. Nf3 Nc6 3. d4 cxd4 4. Nxd4 Nf6 5. Nc3 e5 6. Ndb5 d6 7. Bg5 a6 8. Na3 b5 9. Bxf6 gxf6 10. Nd5 f5 11. Bd3 Be6 12. 0-0 Bxd5 13. exd5 Ne7 14. c3 Bg7 15. Qh5 e4 16. Be2 0-0 17. Nc2 f4 18. Qg5 f5 19. Rfd1 f3 20. gxf3 Kh8 21. Kh1 Be5 22. f4 Bf6 23. Qg3 Rg8 24. Qh3 Ng6 25. Rg1 Nxf4 26. Qxf5 Rxg1+ 27. Rxg1 Nxe2 28. Re1 Nxc3 29. bxc3 Bxc3 30. Rxe4 Qg8 31. Rg4 1/2-1/2

[Event "GER CM04-D email"]
[White "Sobirey, Michael"]
[Black "Muniz Pardino, Alberto"]
[Site "GER email"]
[Round "?"]
[Result "1/2-1/2"]
[Date "2017.06.26"]
[WhiteElo "2324"]
[BlackElo "2336"]
[PlyCount "60"]
[EventDate "2017.??.??"]
[EventType "tourn (corr)"]
[EventRounds "10"]
[EventCountry "GER"]
[SourceTitle "Corr 2020"]
[Source "ChessBase"]
[SourceDate "2019.09.30"]
[SourceVersion "1"]
[SourceVersionDate "2019.09.30"]
[SourceQuality "1"]

1. e4 c5 2. Nf3 d6 3. d4 cxd4 4. Nxd4 Nf6 5. Nc3 g6 6. Be3 Bg7 7. f3 Nc6 8. Qd2 0-0 9. g4 Be6 10. 0-0-0 Nxd4 11. Bxd4 Qa5 12. a3 Rab8 13. Kb1 Rfc8 14. h4 b5 15. Nd5 Qxd2 16. Rxd2 Bxd5 17. exd5 a5 18. h5 Nd7 19. g5 Ne5 20. hxg6 fxg6 21. Rf2 Rf8 22. Ba7 Ra8 23. Be3 b4 24. Bh3 Rxf3 25. Be6+ Kh8 26. Rxf3 Nxf3 27. Rf1 Nd4 28. axb4 Nxe6 29. dxe6 Rb8 30. bxa5 Rxb2+ 1/2-1/2

[Event "GER-ch49 V01 email"]
[White "Giering, Guido"]
[Black "Sobirey, Michael"]
[Site "GER email"]
[Round "?"]
[Result "1/2-1/2"]
[Date "2017.04.03"]
[WhiteElo "2252"]
[BlackElo "2324"]
[PlyCount "87"]
[EventDate "2017.??.??"]
[EventType "tourn (corr)"]
[EventRounds "10"]
[EventCountry "GER"]
[SourceTitle "Corr 2020"]
[Source "ChessBase"]
[SourceDate "2019.09.30"]
[SourceVersion "1"]
[SourceVersionDate "2019.09.30"]
[SourceQuality "1"]

1. d4 f5 2. g3 Nf6 3. Bg2 g6 4. Nf3 Bg7 5. 0-0 0-0 6. c4 d6 7. Nc3 c6 8. d5 e5 9. dxe6 Bxe6 10. b3 Na6 11. Ng5 Bc8 12. Bb2 Qe7 13. Qd2 h6 14. Nf3 Be6 15. Rfe1 Nc5 16. Rad1 Nce4 17. Qc2 Rad8 18. Nxe4 Nxe4 19. Bxg7 Kxg7 20. Nd4 Bg8 21. Bxe4 fxe4 22. Qc3 Qf6 23. f4 exf3 24. exf3 Rfe8 25. Kf2 Bf7 26. Rxe8 Rxe8 27. Rd3 Re5 28. Re3 g5 29. Ne2 Bg6 30. h3 Kf7 31. g4 Re6 32. Qxf6+ Rxf6 33. Kg3 Re6 34. Rxe6 Kxe6 35. f4 Bd3 36. Nd4+ Kf6 37. Nf3 Bb1 38. a3 c5 39. Nd2 Bc2 40. h4 gxf4+ 41. Kxf4 b6 42. h5 a6 43. a4 Kf7 44. Ke3 1/2-1/2

[Event "GER-ch49 V01 email"]
[White "Kollowa, Kurt"]
[Black "Sobirey, Michael"]
[Site "GER email"]
[Round "?"]
[Result "1/2-1/2"]
[Date "2017.04.03"]
[WhiteElo "2188"]
[BlackElo "2324"]
[PlyCount "51"]
[EventDate "2017.??.??"]
[EventType "tourn (corr)"]
[EventRounds "10"]
[EventCountry "GER"]
[SourceTitle "Corr 2020"]
[Source "ChessBase"]
[SourceDate "2019.09.30"]
[SourceVersion "1"]
[SourceVersionDate "2019.09.30"]
[SourceQuality "1"]

1. d4 f5 2. g3 Nf6 3. Bg2 g6 4. c4 Bg7 5. Nf3 d6 6. 0-0 0-0 7. Nc3 c6 8. Be3 Ng4 9. Bc1 e5 10. e4 exd4 11. Nxd4 Qb6 12. Nb3 Re8 13. Qxd6 Na6 14. Bf4 Ne5 15. Na4 Qb4 16. Bxe5 Rxe5 17. Qd8+ Kf7 18. Nc3 Re8 19. Qg5 Qxc4 20. Rad1 h6 21. Qf4 Kg8 22. Rfe1 Qf7 23. Bf1 g5 24. Qd2 f4 25. Bxa6 bxa6 26. Qe2 1/2-1/2

[Event "GER-ch49 V01 email"]
[White "Richter, Wolfgang"]
[Black "Sobirey, Michael"]
[Site "GER email"]
[Round "?"]
[Result "1/2-1/2"]
[Date "2017.04.03"]
[WhiteElo "2147"]
[BlackElo "2324"]
[PlyCount "56"]
[EventDate "2017.??.??"]
[EventType "tourn (corr)"]
[EventRounds "10"]
[EventCountry "GER"]
[SourceTitle "Corr 2020"]
[Source "ChessBase"]
[SourceDate "2019.09.30"]
[SourceVersion "1"]
[SourceVersionDate "2019.09.30"]
[SourceQuality "1"]

1. e4 e5 2. Nf3 Nc6 3. Bb5 a6 4. Ba4 Nf6 5. 0-0 Be7 6. Re1 b5 7. Bb3 0-0 8. c3 d5 9. exd5 Nxd5 10. Nxe5 Nxe5 11. Rxe5 c6 12. d4 Bd6 13. Re1 Qh4 14. g3 Qh3 15. Qe2 Bg4 16. Qf1 Qh5 17. Nd2 Rae8 18. f3 Rxe1 19. Qxe1 Bxf3 20. Nxf3 Qxf3 21. Bd2 Qg4 22. a4 Qd7 23. Qf1 Re8 24. Re1 Rxe1 25. Qxe1 h5 26. Bd1 h4 27. gxh4 bxa4 28. Bxa4 Qg4+ 1/2-1/2

[Event "GER-ch49 V01 email"]
[White "Sobirey, Michael"]
[Black "Kutscheid, Hans Peter"]
[Site "GER email"]
[Round "?"]
[Result "1/2-1/2"]
[Date "2017.04.03"]
[WhiteElo "2324"]
[BlackElo "2337"]
[PlyCount "60"]
[EventDate "2017.??.??"]
[EventType "tourn (corr)"]
[EventRounds "10"]
[EventCountry "GER"]
[SourceTitle "Corr 2020"]
[Source "ChessBase"]
[SourceDate "2019.09.30"]
[SourceVersion "1"]
[SourceVersionDate "2019.09.30"]
[SourceQuality "1"]

1. e4 c5 2. Nf3 d6 3. Bb5+ Bd7 4. Bxd7+ Qxd7 5. c4 Nc6 6. Nc3 Nf6 7. 0-0 g6 8. d4 cxd4 9. Nxd4 Bg7 10. Nde2 0-0 11. f3 a6 12. a4 e6 13. Bg5 Qc7 14. Kh1 Nd7 15. b3 Nc5 16. Rb1 Rfe8 17. Qc2 Rac8 18. Rfd1 Nb4 19. Qd2 Ncd3 20. Bh4 Qb6 21. Nc1 Nxc1 22. Rbxc1 Nc6 23. Rb1 Qb4 24. Ne2 Qxd2 25. Rxd2 Bf8 26. Bg3 Red8 27. Kg1 f6 28. Rbd1 Ne5 29. Kf2 Kf7 30. h4 h5 1/2-1/2

[Event "GER CM02-B email"]
[White "Baer, Lutz"]
[Black "Sobirey, Michael"]
[Site "GER email"]
[Round "?"]
[Result "1/2-1/2"]
[Date "2015.06.25"]
[WhiteElo "2308"]
[BlackElo "2271"]
[PlyCount "83"]
[EventDate "2015.??.??"]
[EventType "tourn (corr)"]
[EventRounds "11"]
[EventCountry "GER"]
[SourceTitle "Corr 2017"]
[Source "ChessBase"]
[SourceDate "2017.09.19"]
[SourceVersion "1"]
[SourceVersionDate "2017.09.19"]
[SourceQuality "1"]

1. d4 Nf6 2. c4 e6 3. Nc3 Bb4 4. e3 0-0 5. Bd3 d5 6. Nf3 c5 7. 0-0 dxc4 8. Bxc4 Nbd7 9. a3 Ba5 10. Qe2 a6 11. Bd3 Qe7 12. Ne5 Rd8 13. Rd1 Bc7 14. f4 Bb6 15. Na4 Ba7 16. Nxc5 Nxc5 17. dxc5 Bxc5 18. Bd2 Bd7 19. Ba5 b6 20. Be1 Ba4 21. b4 Bd6 22. Rdc1 Nd5 23. Bxa6 Nxe3 24. b5 Bc5 25. Bf2 Rd1+ 26. Rxd1 Bxd1 27. Rxd1 Nxd1 28. Qxd1 Bxf2+ 29. Kxf2 Qh4+ 30. Kg1 Qxf4 31. Bb7 Rb8 32. Qd6 Re8 33. h3 h5 34. Bf3 h4 35. Qc7 Kh7 36. Qc3 Rd8 37. Nc4 Qc7 38. Be2 Qc5+ 39. Qe3 Qxb5 40. Ne5 Qb1+ 41. Kh2 Kg8 42. Bd3 1/2-1/2

[Event "GER CM02-B email"]
[White "Sobirey, Michael"]
[Black "Heinke, Richard"]
[Site "GER email"]
[Round "?"]
[Result "1/2-1/2"]
[Date "2015.06.25"]
[WhiteElo "2271"]
[BlackElo "2346"]
[PlyCount "42"]
[EventDate "2015.??.??"]
[EventType "tourn (corr)"]
[EventRounds "11"]
[EventCountry "GER"]
[SourceTitle "Corr 2017"]
[Source "ChessBase"]
[SourceDate "2017.09.19"]
[SourceVersion "1"]
[SourceVersionDate "2017.09.19"]
[SourceQuality "1"]

1. d4 Nf6 2. c4 e6 3. Nc3 Bb4 4. e3 0-0 5. Bd3 d5 6. Nf3 c5 7. 0-0 dxc4 8. Bxc4 cxd4 9. exd4 b6 10. Bg5 Bb7 11. Re1 h6 12. Bh4 Nc6 13. a3 Be7 14. Qd3 Rc8 15. Rad1 Nh5 16. d5 Bxh4 17. dxc6 Bxc6 18. Ba6 Qxd3 19. Rxd3 Bxf3 20. Bxc8 Bxg2 21. Ba6 Bc6 1/2-1/2

[Event "GER CM02-B email"]
[White "Sobirey, Michael"]
[Black "Kermer, Wolf Dieter"]
[Site "GER email"]
[Round "?"]
[Result "1/2-1/2"]
[Date "2015.06.25"]
[WhiteElo "2271"]
[BlackElo "2337"]
[PlyCount "46"]
[EventDate "2015.??.??"]
[EventType "tourn (corr)"]
[EventRounds "11"]
[EventCountry "GER"]
[SourceTitle "Corr 2017"]
[Source "ChessBase"]
[SourceDate "2017.09.19"]
[SourceVersion "1"]
[SourceVersionDate "2017.09.19"]
[SourceQuality "1"]

1. d4 Nf6 2. c4 e6 3. Nf3 d5 4. g3 dxc4 5. Bg2 Nc6 6. Qa4 Bb4+ 7. Bd2 Nd5 8. Bxb4 Ndxb4 9. Nc3 Bd7 10. 0-0 a5 11. Qd1 0-0 12. e3 a4 13. Qe2 Na5 14. Ne5 Nd5 15. Nxd5 exd5 16. Bxd5 Bh3 17. Qf3 Bxf1 18. Bxf7+ Kh8 19. Rxf1 Nc6 20. Nxc6 bxc6 21. Qh5 Rb8 22. Bxc4 Rxb2 23. Bd3 g6 1/2-1/2